Noem de belangrijkste persoonlijke voornaamwoorden - Statistieken

Algemene statistieken
  • Deze quiz is 25 keer genomen
  • De gemiddelde score is 9 van 14
Antwoordstatistieken
Antwoord % Correct
Ik
100%
Zij
100%
Zij
100%
Hij
94%
Jij
94%
Wij
83%
Je
56%
Jullie
56%
U
44%
U
44%
We
44%
Ze
44%
Ze
44%
Het
39%
Geen overeenkomende quizzen gevonden
Scoreverdeling
Procent van Mensen met Elke Score
Percentiel versus Aantal Correcte Antwoorden
Uw Scoregeschiedenis
U heeft deze quiz nog niet genomen